Normal view MARC view
  • Navathe, Shamkant B and Elmasri, Ramez.

Entry Personal Name

Number of records used in: 1

001 - CONTROL NUMBER

  • control field: 29758

003 - CONTROL NUMBER IDENTIFIER

  • control field: NUST

005 - DATE AND TIME OF LATEST TRANSACTION

  • control field: 20200902153540.0

008 - FIXED-LENGTH DATA ELEMENTS

  • fixed length control field: 200902|| aca||aabn | a|a d

040 ## - CATALOGING SOURCE

  • Original cataloging agency: NUST
  • Transcribing agency: NUST

100 ## - HEADING--PERSONAL NAME

  • Personal name: Navathe, Shamkant B and Elmasri, Ramez.

670 ## - SOURCE DATA FOUND

  • Source citation: Work cat.: (NUST): Navathe, Shamkant B and Elmasri, Ramez., Fundamentals of Data Base System /, 2016.
© 2023 Central Library, National University of Sciences and Technology. All Rights Reserved.